Normal view
MARC view
- Thewes, Markus,
Entry Personal Name
001 - CONTROL NUMBER
- control field: 26143
003 - CONTROL NUMBER IDENTIFIER
- control field: NUST
005 - DATE AND TIME OF LATEST TRANSACTION
- control field: 20191125153714.0
008 - FIXED-LENGTH DATA ELEMENTS
- fixed length control field: 191125|| aca||aabn | a|a d
040 ## - CATALOGING SOURCE
- Original cataloging agency: NUST
- Transcribing agency: NUST
100 ## - HEADING--PERSONAL NAME
- Personal name: Thewes, Markus,
670 ## - SOURCE DATA FOUND
- Source citation: Work cat.: (NUST): Maidl, Bernhard, author. 26142, Handbook of tunnel engineering / Volume - 1 & 2, c2014
